000 01675nam0a2200337 4500
001 RU\NLR\BIBL_A\022684653
005 20260517041804.0
010 _a978-5-9973-6992-7
_9500
021 _aRU
_bКН-П-25-066365
_9КН-П-25-6422
035 _a(NLR Aleph) 022684653
090 _a13700523
_c13700523
100 _a20251210d2025 k y0rusy50 ca
101 0 _arus
102 _aRU
105 _aa z 000yy
181 0 _ai
_b xxe
182 0 _an
200 1 _aФормирование и оценивание цифровых компетенций в условиях трансформации профессионального образования
_eмонография
_fГ. Ю. Протодьяконова
_gМинистерство науки и высшего образования Российской Федерации, Северо-Восточный федеральный университет им. М. К. Аммосова
203 _aТекст
_bвизуальный
_cнепосредственный
210 _aМосква
_cСпутник +
_d2025
215 _a195 c.
_cил., табл.
_d21
320 _aБиблиогр.: с. 162–193 (192 назв.) и в подстроч. примеч.
606 1 _aМедиаобразование
_xВысшая школа
_92266001
_3RU\NLR\AUTH\6601587850
606 _aСтуденты
_xЗнания
_xОценка
_92302920
_3RU\NLR\AUTH\661378658
686 1 _aЧ481.231
686 1 _aЧ481.28
700 1 _aПротодьяконова
_bГ. Ю.
_gГалина Юрьевна
942 _cBOOK
980 _aNB